Guidebook for electrical inspection

Сохранить в:
Библиографические подробности
Главный автор: Earl, John T (Автор)
Формат:
Язык:английский
Опубликовано: Englewood Cliffs Prentice-Hall 1986
Предметы:
Метки: Добавить метку
Нет меток, Требуется 1-ая метка записи!

MARC

LEADER 00000nam a2200000 a 4500
001 UCV6118
003 CL-VaPUC
008 880615e19860000US |||||||||||||||||eng|d
082 0 4 |a 621.319  |b EAR  |2 21 
100 0 |a Earl, John T  |e author  |9 300377 
245 1 0 |a Guidebook for electrical inspection 
300 |a 208 p 
942 |c BK 
945 |d 19880615 00:00:00 
260 |a Englewood Cliffs  |b Prentice-Hall  |c 1986 
650 7 |a INSTALACIONES ELECTRICAS  |2 CL-VaPUC  |9 262736 
583 |a last modification  |c 20120517 12:22:25  |k Rodrigo Vera 
999 |c 212358  |d 212356 
952 |0 0  |1 0  |4 0  |6 621_319000000000000_EAR_1986  |7 0  |8 A  |9 193240  |a BIBING  |b BIBING  |d 2019-11-14  |i 2608936  |o 621.319 EAR 1986  |p 2608936  |r 2025-01-20  |w 2019-11-14  |y BK  |k EIE